[Event "37th Greek Teams"]
[Site "Kallithea GRE"]
[Date "2009.07.04"]
[Round "1"]
[White "Homatidis,P"]
[Black "Aggelis,N"]
[Result "0-1"]
[WhiteElo "2123"]
[BlackElo "2296"]
[EventDate "2009.07.03"]

1. e4 e5 2. Nf3 Nc6 3. Bb5 a6 4. Ba4 Nf6 5. O-O Be7 6. Re1 b5 7. Bb3 O-O 8.
c3 d6 9. d3 Nb8 10. Nbd2 Bb7 11. Nf1 Re8 12. Ng5 Rf8 13. Ng3 h6 14. Nf3 Re8
15. Nf5 Bf8 16. N3h4 d5 17. exd5 Bxd5 18. d4 Bxb3 19. axb3 exd4 20. Rxe8
Qxe8 21. Nxd4 c5 22. Ndf5 Nc6 23. Be3 Rd8 24. Qe2 Qe4 25. Qf3 Kh7 26. Qxe4
Nxe4 27. f3 Nf6 28. g4 a5 29. Kf2 Nd5 30. Ng2 b4 31. cxb4 Ndxb4 32. Ne1 g6
33. Ng3 Nd3+ 34. Ke2 Nxe1 35. Rxe1 Rb8 36. Ne4 Rxb3 37. Bxc5 Bxc5 38. Nxc5
Rxb2+ 39. Kd3 Rxh2 40. Re8 Rf2 41. Ke3 Rf1 42. Ne4 Kg7 43. Rc8 Ne5 44. Nd2
Re1+ 45. Kd4 Re2 46. Ra8 Rxd2+ 47. Kxe5 Rf2 48. f4 Re2+ 49. Kd4 Rg2 50.
Rxa5 Rxg4 51. Ke5 Rg1 52. Ra6 Re1+ 53. Kd4 Re6 0-1

[Event "37th Greek Teams"]
[Site "Kallithea GRE"]
[Date "2009.07.04"]
[Round "1"]
[White "Kourkoulos Arditis,S"]
[Black "Papadopoulos,Geo2"]
[Result "1-0"]
[WhiteElo "1857"]
[BlackElo "1857"]
[EventDate "2009.07.03"]

1. e4 c5 2. Nf3 d6 3. d4 cxd4 4. Nxd4 Nf6 5. Nc3 e5 6. Nb3 Be7 7. Be2 O-O
8. O-O Be6 9. f4 exf4 10. Bxf4 Nc6 11. Qd2 a6 12. Rad1 Ne5 13. Qe3 Qc7 14.
Qg3 Kh8 15. Nd4 Rad8 16. Kh1 Ng6 17. Be3 Ne5 18. Nd5 Qd7 19. Nxe7 Qxe7 20.
Bg5 Rg8 21. Qh4 Ned7 22. Bd3 h6 23. e5 dxe5 24. Bxh6 Nf8 25. Bg5+ N8h7 26.
Bxf6 gxf6 27. Qxh7+ 1-0

[Event "37th Greek Teams"]
[Site "Kallithea GRE"]
[Date "2009.07.04"]
[Round "1"]
[White "Kolev,At1"]
[Black "Postny,E"]
[Result "1/2-1/2"]
[WhiteElo "2569"]
[BlackElo "2647"]
[EventDate "2009.07.03"]

1. e4 e5 2. Nf3 Nc6 3. d4 exd4 4. Nxd4 Nf6 5. Nxc6 bxc6 6. e5 Qe7 7. Qe2
Nd5 8. c4 Ba6 9. b3 O-O-O 10. g3 g5 11. Bb2 Bg7 12. Nd2 Nb4 13. O-O-O c5
14. f4 Bb7 15. Bg2 Nd3+ 16. Qxd3 Bxg2 17. Rhe1 gxf4 18. gxf4 Bh6 19. Re2
Bc6 20. Rf1 Qh4 21. Qf5 Rhg8 22. Ne4 Qg4 23. Ng3 Bf3 24. Qxg4 Bxg4 25. Re4
d6 26. Rf2 Bd7 27. Bc3 Rg4 28. Bd2 Re8 29. Rf1 Reg8 30. Rf2 Re8 31. Rf1
Reg8 32. Rf2 Re8 1/2-1/2

[Event "37th Greek Teams"]
[Site "Kallithea GRE"]
[Date "2009.07.04"]
[Round "1"]
[White "Kritz,L"]
[Black "Lekic,D"]
[Result "1-0"]
[WhiteElo "2589"]
[BlackElo "2394"]
[EventDate "2009.07.03"]

1. e4 c5 2. Nf3 d6 3. d4 cxd4 4. Nxd4 Nf6 5. Nc3 Nc6 6. Bg5 e6 7. Qd2 Be7
8. O-O-O Nxd4 9. Qxd4 O-O 10. f3 a6 11. h4 b5 12. Kb1 Bb7 13. g4 Rc8 14. a3
Qc7 15. Bd3 d5 16. e5 Bc5 17. Qf4 Nd7 18. Rhe1 f6 19. exf6 Qxf4 20. Bxf4
Rxf6 21. Bg5 Rxf3 22. Rxe6 h6 23. Bc1 Nf8 24. Re2 Rf2 25. Ree1 Rd8 26. Be4
Rh2 27. Nxd5 Kh8 28. b4 Bf2 29. Re2 Bg3 30. Rxh2 Bxh2 31. g5 h5 32. g6 Nxg6
33. Bxg6 Bxd5 34. Rd2 Rd6 35. Bxh5 Bg3 36. Rd3 Be5 37. Bb2 Bf4 38. Bc1 Bh2
39. Bg4 Bb7 40. Re3 Rf6 1-0

[Event "37th Greek Teams"]
[Site "Kallithea GRE"]
[Date "2009.07.04"]
[Round "1"]
[White "Spirakopoulos,I"]
[Black "Stavrianakis,I"]
[Result "0-1"]
[WhiteElo "2163"]
[BlackElo "2240"]
[EventDate "2009.07.03"]

1. e4 c5 2. Nf3 d6 3. d4 cxd4 4. Nxd4 Nf6 5. Nc3 a6 6. Bg5 e6 7. f4 Be7 8.
Qf3 Nc6 9. Nxc6 bxc6 10. e5 dxe5 11. fxe5 Nd5 12. Bxe7 Nxe7 13. Bd3 Qd4 14.
O-O-O Qxe5 15. Rhf1 O-O 16. Rde1 Qg5+ 17. Kb1 Rb8 18. h4 Qa5 19. Ne4 f5 20.
Bc4 Nd5 21. Ng5 Qb4 22. Bb3 Qd6 23. Qh5 h6 24. Bxd5 exd5 25. Nf3 Bd7 26.
Ne5 Rbe8 27. Nxd7 Qxd7 28. Qg6 Re4 29. Rxe4 fxe4 30. Rxf8+ Kxf8 31. b3 e3
32. Qd3 Qe6 33. Qe2 Qe5 34. c4 Qe4+ 35. Kb2 d4 36. Qe1 d3 37. Kc3 d2 38.
Qe2 Qb1 39. Qxe3 d1=Q 40. Qf4+ Kg8 0-1

[Event "37th Greek Teams"]
[Site "Kallithea GRE"]
[Date "2009.07.04"]
[Round "1"]
[White "Parginos,V"]
[Black "Tsagaropoulos,Spyri"]
[Result "1-0"]
[WhiteElo "2196"]
[BlackElo "2059"]
[EventDate "2009.07.03"]

1. d4 Nf6 2. Bg5 e6 3. e4 h6 4. Bxf6 Qxf6 5. c3 Qg6 6. Nd2 d5 7. e5 c5 8.
h4 Nc6 9. Rh3 cxd4 10. Bd3 Qxg2 11. Rg3 Qh1 12. Ndf3 dxc3 13. bxc3 Nxe5 14.
Nxe5 Qxh4 15. Bb5+ Ke7 16. Qb3 g6 17. Rg4 Qf6 18. Ngf3 h5 19. Ra4 g5 20.
Qb4+ Kd8 21. Qd4 Kc7 22. c4 a5 23. cxd5 Bg7 24. Rc1+ Kb8 25. Qb6 1-0

[Event "37th Greek Teams"]
[Site "Kallithea GRE"]
[Date "2009.07.04"]
[Round "1"]
[White "Skirianoglou,D"]
[Black "Papadakis,M"]
[Result "1/2-1/2"]
[WhiteElo "2046"]
[BlackElo "2123"]
[EventDate "2009.07.03"]

1. e4 c5 2. c4 d6 3. Ne2 Nc6 4. d4 cxd4 5. Nxd4 Nf6 6. Nc3 g6 7. Be2 Bg7 8.
Be3 Bd7 9. O-O O-O 10. Qd2 a6 11. f3 Rc8 12. Rac1 Re8 13. Nxc6 Bxc6 14. b4
Bd7 15. Rfd1 Qc7 16. b5 Qa5 17. c5 axb5 18. Nxb5 Qxd2 19. Rxd2 b6 20. Na7
Rc7 21. c6 Rxa7 22. Bxb6 Raa8 23. cxd7 Nxd7 24. Be3 Rec8 25. Rdc2 Rxc2 26.
Rxc2 Nc5 27. Kf1 Bf6 28. Bb5 Ra5 29. Bc6 Kg7 30. a4 e6 31. f4 Be7 32. Ke2
Nxa4 33. Bd2 Ra6 34. Bb5 Ra8 35. Ra2 Nb6 36. Rxa8 Nxa8 37. Ba5 d5 38. Bc6
dxe4 39. Bxe4 Bd6 40. Bxa8 Bxf4 41. Bc3+ f6 42. h3 h5 43. Kf3 Bd6 44. Be4
Kf7 45. Bc2 Bc7 46. Ke2 Bd6 47. Kd3 g5 48. Kc4 f5 49. Bd2 Kf6 50. Kb5 Bg3
51. Ba5 Ke7 52. Bb4+ Kf6 53. Kc6 g4 54. hxg4 fxg4 55. Kd7 h4 56. Be7+ Kf7
57. Bd6 e5 58. Bf5 h3 59. gxh3 gxh3 60. Bxh3 Bf4 61. Be6+ Kg6 62. Ke7 Bg5+
63. Ke8 Bf6 64. Kf8 Kg5 65. Kf7 e4 66. Bc5 Be5 67. Be3+ Bf4 68. Bf2 Bd2 69.
Bd4 e3 70. Bxe3+ 1/2-1/2

[Event "37th Greek Teams"]
[Site "Kallithea GRE"]
[Date "2009.07.04"]
[Round "1"]
[White "Koutsogiannopoulou,T"]
[Black "Alexiou,Dimitra"]
[Result "1-0"]
[WhiteElo "1835"]
[BlackElo "1759"]
[EventDate "2009.07.03"]

1. e4 e5 2. Nc3 Nf6 3. f4 d6 4. Nf3 Bg4 5. Bc4 Nc6 6. d3 Be7 7. Be3 a6 8.
h3 Bxf3 9. Qxf3 b5 10. Bb3 Na5 11. O-O Nxb3 12. axb3 c6 13. fxe5 dxe5 14.
Qg3 O-O 15. Qxe5 Bd6 16. Qf5 Re8 17. Qf2 Re5 18. d4 Re7 19. e5 Bxe5 20.
dxe5 Rxe5 21. Bd4 Re6 22. Rae1 Rxe1 23. Rxe1 Nd5 24. Nxd5 Qxd5 25. Bc3 Qg5
26. Rf1 Qg6 27. Qf5 Re8 28. Qxg6 hxg6 29. Rd1 Re2 30. Rd8+ Kh7 31. Rd2 Re6
32. Kf2 c5 33. Rd7 b4 34. Bd2 Rc6 35. Rxf7 c4 36. bxc4 Rxc4 37. c3 a5 38.
Ra7 bxc3 39. Bxc3 a4 40. Rxg7+ Kh6 41. Ra7 Kg5 42. Ke3 Kh4 43. Kf3 Kg5 44.
Ra5+ Kh6 45. g3 g5 46. Bd2 Rc2 47. Bxg5+ Kg6 48. h4 Rxb2 49. Rxa4 Rb6 50.
Kg4 Rb7 51. h5+ Kh7 52. h6 Rf7 53. Kh5 Rd7 54. g4 Rd5 55. Ra7+ Kg8 56. Kg6
Rd6+ 57. Bf6 Rxf6+ 58. Kxf6 Kf8 59. h7 Ke8 60. h8=Q+ 1-0

[Event "37th Greek Teams"]
[Site "Kallithea GRE"]
[Date "2009.07.04"]
[Round "1"]
[White "Rigatos,Panagiotis"]
[Black "Balokas,D1"]
[Result "0-1"]
[WhiteElo "1706"]
[BlackElo "1662"]
[EventDate "2009.07.03"]

1. e4 c5 2. Nf3 d6 3. d4 cxd4 4. Nxd4 Nf6 5. Nc3 a6 6. Be2 e5 7. Nb3 Be7 8.
O-O O-O 9. Be3 Nbd7 10. Kh1 Qc7 11. f4 b5 12. Bf3 Bb7 13. a3 exf4 14. Bxf4
Ne5 15. Nd4 Rfe8 16. Nf5 Bf8 17. Qe1 Nxf3 18. gxf3 Nh5 19. Be3 d5 20. Qh4
g6 21. Rg1 Ng7 22. Nh6+ Kh8 23. Qf6 Re7 24. exd5 Rxe3 25. Nxf7+ Qxf7 26.
Qxf7 Re7 27. Qf6 Kg8 28. Kg2 Nh5 29. Qh4 Rf7 30. Qd4 Bg7 31. Qe3 Nf4+ 32.
Kh1 Bxc3 33. bxc3 Nxd5 34. Qd3 Nb4 35. cxb4 Rxf3 36. Qd1 Rf1+ 0-1

[Event "37th Greek Teams"]
[Site "Kallithea GRE"]
[Date "2009.07.04"]
[Round "1"]
[White "Dimopoulos,D"]
[Black "Liaskos,L"]
[Result "0-1"]
[WhiteElo "1906"]
[BlackElo "2007"]
[EventDate "2009.07.03"]

1. e4 e6 2. d3 c5 3. Nf3 Nc6 4. g3 d5 5. Nbd2 Nf6 6. Bg2 Be7 7. O-O b5 8.
Re1 Bb7 9. exd5 Nxd5 10. a4 a6 11. Nf1 O-O 12. h4 Qd7 13. Bg5 Bd6 14. Ne3
Nxe3 15. Bxe3 Ne7 16. Bc1 Qc6 17. h5 Rad8 18. Nh4 Qc7 19. Bxb7 Qxb7 20. Qg4
Qd5 21. h6 g6 22. Qe4 Bc7 23. axb5 axb5 24. g4 Nc6 25. Nf3 Nb4 26. Qxd5
Rxd5 27. Re2 Rfd8 28. Bg5 Rc8 29. Bf6 Bd8 30. Bxd8 Rcxd8 31. Ra5 Rb8 32.
Ra1 Kf8 33. Rd2 Ke7 34. Kf1 Kf6 35. Ke2 Nc6 36. Ra6 Rc8 37. Rb6 b4 38. Rb7
g5 39. c3 Kg6 40. Ke3 bxc3 41. bxc3 Ne5 42. Nxe5+ Rxe5+ 43. Kf3 Rf8 44. Rd7
Kxh6 45. d4 cxd4 46. cxd4 Rd5 47. Rxd5 exd5 48. Rc2 Rd8 49. Rc6+ Kg7 50.
Kg3 f6 51. f3 Rd7 52. Kg2 Kf7 53. Kf2 Ke7 54. Kg3 Ra7 55. Kf2 h6 56. Ke3
Ra3+ 57. Ke2 Ra2+ 58. Ke3 h5 59. gxh5 Rh2 60. Rc7+ Ke6 61. Rc6+ Ke7 62.
Rc7+ Kd6 63. Rh7 Ke6 64. h6 Rh3 65. Kf2 Kf5 66. Rd7 Rxh6 67. Rxd5+ Kf4 68.
Kg2 f5 69. Rb5 Ra6 70. Rb2 Ra3 71. Rf2 Rd3 72. Rf1 Rxd4 73. Rf2 Ke3 74. Rf1
Rd2+ 75. Kg1 f4 76. Ra1 Kxf3 77. Ra3+ Kg4 78. Ra4 Kg3 0-1

[Event "37th Greek Teams"]
[Site "Kallithea GRE"]
[Date "2009.07.04"]
[Round "1"]
[White "Ladopoulos,D"]
[Black "Drakopoulos,P"]
[Result "1-0"]
[WhiteElo "1810"]
[BlackElo "1432"]
[EventDate "2009.07.03"]

1. e4 c5 2. Nf3 Nc6 3. Bb5 Nf6 4. d3 Qa5+ 5. Nc3 Nd4 6. Bc4 b5 7. e5 bxc4
8. exf6 gxf6 9. dxc4 Nc6 10. Qe2 e6 11. Bd2 Qb6 12. Nd5 Qd8 13. Bf4 d6 14.
Rd1 Be7 15. Nxe7 Qxe7 16. Bxd6 Qb7 17. b3 Qb6 18. Qe3 Nd4 19. Nxd4 Qxd6 20.
Nb5 Qc6 21. f3 Ba6 22. Nc3 O-O 23. Ne4 Kg7 24. Rd6 Qc8 25. Qc3 e5 26. Rxf6
Bb7 27. Qxe5 Bxe4 28. fxe4 Kg8 29. O-O 1-0

[Event "37th Greek Teams"]
[Site "Kallithea GRE"]
[Date "2009.07.04"]
[Round "1"]
[White "Kryvoruchko,Y"]
[Black "Arnaudov,G"]
[Result "1-0"]
[WhiteElo "2611"]
[BlackElo "2443"]
[EventDate "2009.07.03"]

1. e4 c6 2. d4 d5 3. exd5 cxd5 4. c4 Nf6 5. Nc3 Nc6 6. Bg5 e6 7. Nf3 Be7 8.
c5 O-O 9. Bb5 Bd7 10. Rc1 Ne4 11. Bxe7 Nxe7 12. Bd3 f5 13. Ne5 Nc6 14. Nxc6
bxc6 15. O-O Qf6 16. Ne2 e5 17. f3 Ng5 18. dxe5 Qxe5 19. f4 Qe3+ 20. Rf2
Ne6 21. Rc3 Nd4 22. Bb1 Nxe2+ 23. Qxe2 Qd4 24. Qd2 Qa4 25. Ra3 Qb5 26. Qd4
Rae8 27. Bd3 Re1+ 28. Rf1 Rxf1+ 29. Bxf1 Qb8 30. Rb3 Qc7 31. Qb4 Rd8 32. h3
d4 33. Qc4+ Kf8 34. Rd3 Be8 35. Rxd4 Bf7 36. Rxd8+ Qxd8 37. Qd3 Qf6 38. a3
g6 39. b4 Qb2 40. b5 cxb5 41. c6 Qc1 42. Qd6+ Kg7 43. c7 a5 44. Kh2 b4 45.
axb4 axb4 46. Qd4+ Kh6 47. Bc4 1-0

[Event "37th Greek Teams"]
[Site "Kallithea GRE"]
[Date "2009.07.04"]
[Round "1"]
[White "Hadzimanolis,A"]
[Black "Ninov,N"]
[Result "1-0"]
[WhiteElo "2296"]
[BlackElo "2562"]
[EventDate "2009.07.03"]

1. e4 c5 2. c3 Nf6 3. e5 Nd5 4. d4 cxd4 5. cxd4 d6 6. Nf3 Nc6 7. Bc4 Nb6 8.
Bb3 dxe5 9. d5 Na5 10. Nc3 Nxb3 11. Qxb3 f6 12. Be3 Bd7 13. O-O Nc8 14. Ne4
b6 15. a4 Nd6 16. Nfd2 f5 17. Nxd6+ exd6 18. f4 e4 19. Bd4 Kf7 20. g4 Be7
21. g5 Rg8 22. Qh3 h6 23. Qh5+ Kf8 24. Kh1 Qe8 25. g6 Qd8 26. Nc4 Bf6 27.
Be5 dxe5 28. fxe5 Rc8 29. Rac1 Bg5 30. e6 Ke7 31. Rxf5 Bxe6 32. dxe6 Rf8
33. Rxg5 hxg5 34. Rd1 Qe8 35. Qxg5+ Rf6 36. Rd7+ Kf8 37. e7+ Qxe7 38. Rxe7
Kxe7 39. Qe5+ Kf8 40. Qxe4 Re8 41. Ne5 Rfe6 42. Qb7 Kg8 43. Qd5 Kf8 44. h4
Ke7 45. h5 Kf6 46. Ng4+ Ke7 47. Qb7+ Kd6 48. Qxg7 Re4 49. Qf6+ R8e6 50. Qf5
Re1+ 51. Kg2 R1e2+ 52. Kg3 1-0

[Event "37th Greek Teams"]
[Site "Kallithea GRE"]
[Date "2009.07.04"]
[Round "1"]
[White "Tsarouhas,K"]
[Black "Argiroudis,S"]
[Result "1/2-1/2"]
[WhiteElo "2226"]
[BlackElo "2265"]
[EventDate "2009.07.03"]

1. c4 c5 2. Nf3 e6 3. Nc3 Nc6 4. g3 b6 5. Bg2 Bb7 6. O-O Nf6 7. d4 cxd4 8.
Nxd4 Qb8 9. Bf4 e5 10. Nxc6 dxc6 11. Bg5 Nd7 12. Qd3 h6 13. Be3 Be7 14.
Rad1 Qc7 15. Ne4 Rd8 16. Nd6+ Bxd6 17. Qxd6 Qxd6 18. Rxd6 Ke7 19. Rfd1 Nf6
20. Rxd8 Rxd8 21. Rxd8 Kxd8 22. f4 exf4 23. Bxf4 Kd7 24. Be5 Ba6 25. b3 Bb7
26. Bb8 a5 27. Bh3+ Kd8 28. Ba7 Kc7 29. c5 bxc5 30. Bxc5 g6 31. Bg2 Nd5 32.
Kf2 Bc8 33. Bxd5 cxd5 34. Ke3 Bg4 35. Kd3 1/2-1/2

[Event "37th Greek Teams"]
[Site "Kallithea GRE"]
[Date "2009.07.04"]
[Round "1"]
[White "Zalahoras,N"]
[Black "Kalaitzoglou,P"]
[Result "0-1"]
[WhiteElo "2191"]
[BlackElo "2199"]
[EventDate "2009.07.03"]

1. c4 e5 2. Nc3 Nf6 3. g3 d5 4. cxd5 Nxd5 5. Bg2 Nb6 6. Nf3 Nc6 7. O-O Be7
8. d3 O-O 9. b3 Re8 10. Bb2 Bf8 11. Rc1 Bg4 12. Ne4 Nd4 13. e3 Nxf3+ 14.
Bxf3 Bh3 15. Re1 c6 16. Nc5 Bxc5 17. Rxc5 Qd6 18. Qc2 Bf5 19. Rd1 Rad8 20.
e4 Bh3 21. Be2 Qf6 22. Ra5 a6 23. f4 Nd7 24. b4 Qh6 25. Qc3 b6 26. Rxa6
exf4 27. Bc1 g5 28. Bb2 Ne5 29. d4 Bg4 30. Rd2 Bxe2 31. Rxe2 Rxd4 32. gxf4
Rd1+ 33. Kg2 gxf4 34. Qxe5 Qg6+ 35. Kh3 Rd3+ 36. Kh4 Qh6+ 37. Kg4 Qh3+ 38.
Kg5 h6+ 0-1

[Event "37th Greek Teams"]
[Site "Kallithea GRE"]
[Date "2009.07.04"]
[Round "1"]
[White "Liodakis,K"]
[Black "Loukopoulos,S"]
[Result "1-0"]
[WhiteElo "1894"]
[BlackElo "2087"]
[EventDate "2009.07.03"]

1. c4 Nf6 2. g3 g6 3. Bg2 Bg7 4. Nf3 O-O 5. d4 d6 6. Nc3 Nbd7 7. O-O e5 8.
e4 c6 9. Re1 Qb6 10. c5 dxc5 11. dxe5 Ne8 12. e6 fxe6 13. e5 Qc7 14. Bf4
Nb6 15. Be3 Qe7 16. Ne4 Nd7 17. h4 b6 18. Bg5 Qf7 19. Nd6 Nxd6 20. Qxd6 Bb7
21. Rad1 Nb8 22. Bf4 h6 23. Bh3 Re8 24. a3 Na6 25. Qd2 Nc7 26. Bg4 Qf8 27.
Qc2 Qf7 28. Nd2 Nd5 29. Ne4 Bf8 30. Qc1 Kh7 31. h5 gxh5 32. Rxd5 hxg4 33.
Nf6+ Kh8 34. Rd7 Re7 35. Red1 Bc8 36. Rd8 Bb7 37. Bxh6 1-0

[Event "37th Greek Teams"]
[Site "Kallithea GRE"]
[Date "2009.07.04"]
[Round "1"]
[White "Baloutsou,V"]
[Black "Hristodoulaki,A"]
[Result "1/2-1/2"]
[WhiteElo "1984"]
[BlackElo "1885"]
[EventDate "2009.07.03"]

1. c4 e5 2. Nc3 Nc6 3. g3 g6 4. Bg2 Bg7 5. d3 d6 6. Nf3 h5 7. h4 Nge7 8.
O-O Bg4 9. Rb1 Qd7 10. Kh2 O-O 11. Bd2 Rae8 12. b4 Qc8 13. a4 Nd4 14. Nb5
Nec6 15. e3 Nxf3+ 16. Bxf3 Bxf3 17. Qxf3 Re7 18. Nc3 f5 19. b5 e4 20. Qe2
Ne5 21. Nd5 Ref7 22. d4 Nf3+ 23. Kg2 Qd8 24. Nf4 Qf6 25. Nd5 Qd8 26. Nf4
Qf6 27. Nd5 Qe6 28. Nf4 Qf6 29. Nd5 Qd8 30. Nf4 Qf6 1/2-1/2

[Event "37th Greek Teams"]
[Site "Kallithea GRE"]
[Date "2009.07.04"]
[Round "1"]
[White "Tsarouha,Ma"]
[Black "Trifonova,S"]
[Result "0-1"]
[WhiteElo "1763"]
[BlackElo "2001"]
[EventDate "2009.07.03"]

1. d4 Nf6 2. c4 g6 3. g3 d5 4. Bg2 c6 5. b3 Bg7 6. Bb2 O-O 7. Nf3 Bf5 8.
O-O Qc8 9. Re1 Na6 10. Ba3 Re8 11. Nc3 Ne4 12. Nxe4 Bxe4 13. Rc1 Qd8 14.
Qd2 dxc4 15. Rxc4 Nc7 16. e3 e5 17. dxe5 Qxd2 18. Nxd2 Bxg2 19. Kxg2 Bxe5
20. f4 Bg7 21. Nf3 Nb5 22. Bb4 Rad8 23. e4 Rd3 24. e5 Nc7 25. Rd4 Rxd4 26.
Nxd4 Nd5 27. Bc5 a6 28. Kf3 Bf8 29. Bxf8 Kxf8 30. a4 Nc3 31. g4 Rd8 32. Re3
Nd5 33. Rd3 Ke7 34. Nc2 f6 35. Ne3 fxe5 36. fxe5 Rf8+ 37. Kg3 Ke6 38. Nxd5
cxd5 39. Re3 d4 40. Re4 Rd8 41. Kf2 Kd5 42. Kf3 g5 43. Re1 Rf8+ 44. Ke2
Kxe5 45. Kd3+ Kd5 46. Re7 Rf3+ 47. Ke2 Rxb3 48. Rxh7 Ke4 49. Re7+ Kf4 50.
h3 Re3+ 51. Rxe3 dxe3 52. a5 Ke4 0-1

[Event "37th Greek Teams"]
[Site "Kallithea GRE"]
[Date "2009.07.04"]
[Round "1"]
[White "Dermentzis,K"]
[Black "Papadogiannis,S"]
[Result "0-1"]
[WhiteElo "1834"]
[BlackElo "1937"]
[EventDate "2009.07.03"]

1. d4 Nf6 2. c4 d6 3. Nc3 g6 4. e4 Bg7 5. Nge2 O-O 6. Ng3 e5 7. d5 Ne8 8.
Be2 c6 9. O-O f5 10. exf5 gxf5 11. f4 Qb6+ 12. Kh1 e4 13. Na4 Qc7 14. Bd2
b5 15. cxb5 cxd5 16. Bc3 Qb7 17. Nh5 Bxc3 18. Nxc3 Be6 19. g4 fxg4 20. Bxg4
Bxg4 21. Rg1 Nd7 22. Rxg4+ Kh8 23. Qxd5 Qxd5 24. Nxd5 Ndf6 25. Nhxf6 Nxf6
26. Rg5 Rae8 27. Ne3 h6 28. Rg2 Nh5 29. Rg6 Rf6 30. Rag1 Kh7 31. Rxf6 Nxf6
32. Rd1 Rd8 33. Nf5 Kg6 34. Nd4 Kf7 35. Rc1 Rd7 36. Nc6 Nh5 37. Rd1 Kf6 38.
Rf1 Ng7 39. f5 d5 40. Nd4 Rf7 41. a4 Ke5 42. Nc6+ Kd6 43. f6 Ne6 44. Rf5 e3
45. Re5 d4 46. Kg2 Rxf6 47. Rxe6+ Rxe6 48. Kf1 d3 49. Nd4 e2+ 0-1

[Event "37th Greek Teams"]
[Site "Kallithea GRE"]
[Date "2009.07.05"]
[Round "2"]
[White "Tomashevsky,E"]
[Black "Nevednichy,V"]
[Result "1/2-1/2"]
[WhiteElo "2689"]
[BlackElo "2570"]
[EventDate "2009.07.03"]

1. c4 g6 2. d4 Bg7 3. Nc3 c5 4. d5 d6 5. e4 e6 6. Bd3 Ne7 7. h3 O-O 8. Nf3
a6 9. Bf4 b5 10. Qd2 b4 11. Ne2 e5 12. Bh6 f5 13. h4 f4 14. Bxg7 Kxg7 15.
h5 Bg4 16. hxg6 Bxf3 17. gxf3 hxg6 18. a3 a5 19. axb4 cxb4 20. c5 dxc5 21.
Qc2 Qd6 22. Ng1 Nd7 23. Bc4 1/2-1/2

[Event "37th Greek Teams"]
[Site "Kallithea GRE"]
[Date "2009.07.05"]
[Round "2"]
[White "Kapnisis,S"]
[Black "Papaioannou,I"]
[Result "1/2-1/2"]
[WhiteElo "2464"]
[BlackElo "2624"]
[EventDate "2009.07.03"]

1. e4 c5 2. Nf3 d6 3. d4 cxd4 4. Nxd4 Nf6 5. Nc3 a6 6. Bg5 e6 7. f4 Qc7 8.
Qe2 Nc6 9. O-O-O Nxd4 10. Rxd4 Be7 11. g4 Bd7 1/2-1/2

[Event "37th Greek Teams"]
[Site "Kallithea GRE"]
[Date "2009.07.05"]
[Round "2"]
[White "Halkias,S"]
[Black "Souleidis,G"]
[Result "1/2-1/2"]
[WhiteElo "2564"]
[BlackElo "2435"]
[EventDate "2009.07.03"]

1. c4 Nf6 2. d4 g6 3. Nc3 Bg7 4. e4 d6 5. Nf3 O-O 6. Be2 e5 7. Be3 Ng4 8.
Bg5 f6 9. Bh4 Nc6 10. d5 Ne7 11. Nd2 Nh6 12. f3 c5 13. dxc6 bxc6 14. b4 Rb8
15. a3 Nf7 16. Nb3 Be6 17. Bf2 Qc7 18. Rc1 Rfd8 19. O-O Bh6 20. Rc2 Rbc8
21. Bd3 Qd7 22. Qe2 g5 23. Be3 f5 24. exf5 Nxf5 25. Bc1 Qe7 26. Ne4 Bg7 27.
Qe1 h6 28. Kh1 Nh8 29. Ng3 Nxg3+ 30. Qxg3 Qf7 31. Qe1 Ng6 32. g3 Re8 33.
Qe4 Nf8 34. Qe2 Nd7 35. Qe4 1/2-1/2

[Event "37th Greek Teams"]
[Site "Kallithea GRE"]
[Date "2009.07.05"]
[Round "2"]
[White "Petraki,M"]
[Black "Botsari,A"]
[Result "1-0"]
[WhiteElo "2030"]
[BlackElo "2298"]
[EventDate "2009.07.03"]

1. e4 c5 2. b3 e6 3. Nf3 b6 4. Bb2 Bb7 5. d3 Nc6 6. g3 Nge7 7. Bg2 Ng6 8.
O-O f6 9. Nbd2 Be7 10. Ne1 O-O 11. f4 d5 12. f5 Nge5 13. fxe6 dxe4 14. Bxe4
Bd6 15. Ng2 Qe7 16. Ne3 Na5 17. Nf5 Qxe6 18. Bxe5 fxe5 19. Qg4 Rf7 20. Bxb7
Rxb7 21. Qe4 Bf8 22. Nf3 g6 23. Ne3 Re8 24. Nc4 Nc6 25. Ng5 Qc8 26. Qd5+
Kh8 27. Nf7+ Rxf7 28. Rxf7 1-0

[Event "37th Greek Teams"]
[Site "Kallithea GRE"]
[Date "2009.07.05"]
[Round "2"]
[White "Manelidou,M"]
[Black "Pierrakou,E"]
[Result "1-0"]
[WhiteElo "2008"]
[BlackElo "1694"]
[EventDate "2009.07.03"]

1. e4 e5 2. Nf3 Nc6 3. Bc4 Bc5 4. c3 d6 5. O-O Bb6 6. d4 Nf6 7. dxe5 dxe5
8. Qxd8+ Nxd8 9. Nxe5 Nxe4 10. Nd2 Nxf2 11. Rxf2 Bxf2+ 12. Kxf2 O-O 13. Nb3
Be6 14. Bd3 Re8 15. Bf4 Bd5 16. Bg3 f6 17. Ng4 Rc8 18. Rd1 Bf7 19. Nd4 c5
20. Nb5 Rc6 21. Nd6 Rf8 22. Nxf7 Nxf7 23. Bc4 Rcc8 24. Rd7 Rcd8 25. Bxf7+
1-0

[Event "37th Greek Teams"]
[Site "Kallithea GRE"]
[Date "2009.07.05"]
[Round "2"]
[White "Androni,K"]
[Black "Vatkali,D"]
[Result "1-0"]
[WhiteElo "1795"]
[BlackElo "1865"]
[EventDate "2009.07.03"]

1. d4 Nf6 2. c4 e6 3. Nf3 Bb4+ 4. Bd2 Qe7 5. g3 O-O 6. Bg2 Bxd2+ 7. Qxd2 d6
8. Nc3 Nbd7 9. O-O Re8 10. e4 e5 11. d5 Nc5 12. Rfe1 a5 13. Qc2 b6 14. b3
g6 15. a3 Nh5 16. b4 Nd7 17. Nb5 Nf8 18. c5 Qd7 19. a4 bxc5 20. bxc5 Ba6
21. Bf1 Rec8 22. Qc3 f5 23. Nd2 Nf6 24. Rad1 Kg7 25. c6 Qf7 26. Qxa5 Bxb5
27. Qxb5 fxe4 28. Nxe4 Nxe4 29. Rxe4 g5 30. Qe2 Ng6 31. Rb4 Ne7 32. Qd2 h6
33. Bh3 Rf8 34. Be6 Qf6 35. Rc1 Ra5 36. Rb7 Rxa4 37. Rxc7 Rd4 38. Qa2 Re8
39. Rxe7+ Qxe7 40. c7 Qf8 41. c8=Q Rxc8 42. Rxc8 Qe7 43. Qc2 Kf6 44. Qf5+
1-0

[Event "37th Greek Teams"]
[Site "Kallithea GRE"]
[Date "2009.07.05"]
[Round "2"]
[White "Sourlantzis,D"]
[Black "Hrisomalis,T"]
[Result "1/2-1/2"]
[WhiteElo "1596"]
[BlackElo "1998"]
[EventDate "2009.07.03"]

1. e4 e5 2. Nf3 Nc6 3. Bc4 Be7 4. c3 Nf6 5. d3 O-O 6. Nbd2 d5 7. exd5 Nxd5
8. O-O Kh8 9. Re1 f6 10. Nf1 Nb6 11. Bb3 Qd6 12. Ng3 f5 13. Qe2 f4 14. Ne4
Qg6 15. Kh1 Bg4 16. h3 Qh5 17. Kg1 Bxf3 18. Qxf3 Qxf3 19. gxf3 Rad8 20. Bc2
Nd5 21. Bd2 Bd6 22. Rad1 Nde7 23. Ng5 Rf6 24. d4 Ng6 25. d5 Nce7 26. Ne6
Re8 27. Be4 Nf8 28. Nxf8 Rexf8 29. Kg2 Rh6 30. Rh1 Nf5 31. Kf1 Ne7 32. Ke2
Rff6 33. h4 Rh5 34. Rdg1 Rfh6 35. Rg4 Ng6 36. Bxg6 hxg6 37. Rhg1 Kh7 38. c4
Rxh4 39. b4 b6 40. Bc3 R4h5 41. Kd3 Rh1 42. Ke4 Rxg1 43. Rxg1 Rh2 44. Rf1
Rh5 45. a3 Kg8 46. Bb2 Kf7 47. Rc1 Kf6 48. c5 1/2-1/2

[Event "37th Greek Teams"]
[Site "Kallithea GRE"]
[Date "2009.07.05"]
[Round "2"]
[White "Wagner,De"]
[Black "Drakakis,G"]
[Result "1-0"]
[WhiteElo "2061"]
[BlackElo "1784"]
[EventDate "2009.07.03"]

1. e4 c5 2. Nc3 Nc6 3. Bb5 g6 4. Bxc6 bxc6 5. d3 Bg7 6. f4 e6 7. e5 d5 8.
exd6 Qxd6 9. Nf3 Nf6 10. O-O Nd5 11. Ne4 Qc7 12. Qd2 Bh6 13. g3 Qe7 14. Qf2
O-O 15. Qxc5 Qxc5+ 16. Nxc5 Bg7 17. d4 Nb4 18. c3 Na6 19. Nb3 Rd8 20. Be3
Rb8 21. Rf2 Bb7 22. Nfd2 Rbc8 23. Ne4 Bf8 24. Na5 Ba8 25. b4 Nc7 26. Rc2
Nd5 27. Kf2 Nb6 28. a3 Rc7 29. Nc5 Bxc5 30. dxc5 Nd5 31. Rd1 Rcd7 32. Rd4
Kg7 33. Rcd2 Nf6 34. Rxd7 Rxd7 35. Rxd7 Nxd7 36. b5 Nxc5 37. Bxc5 cxb5 38.
Bxa7 Bd5 39. Ke3 h6 40. Kd4 g5 41. fxg5 hxg5 42. c4 bxc4 43. Nxc4 f5 44.
Bb8 Kg6 45. a4 Kh5 46. a5 Bb7 47. Ne3 Kg6 48. Ke5 Bc8 49. Bc7 Bd7 50. a6
Kf7 51. a7 Bc6 52. Bd8 g4 53. Nc4 1-0

[Event "37th Greek Teams"]
[Site "Kallithea GRE"]
[Date "2009.07.05"]
[Round "2"]
[White "Gkougkousis,Nikolaos"]
[Black "Serefidou,D"]
[Result "0-1"]
[WhiteElo "1666"]
[BlackElo "1638"]
[EventDate "2009.07.03"]

1. e4 d5 2. exd5 Qxd5 3. Nc3 Qa5 4. d4 c6 5. Nf3 Nf6 6. Bd2 Qc7 7. Bd3 Bg4
8. Ne4 Nbd7 9. h3 Bh5 10. Ng3 Bg6 11. Bxg6 hxg6 12. c3 e6 13. Qc2 Bd6 14.
Ne4 Nxe4 15. Qxe4 Nf6 16. Qe2 Rh5 17. c4 O-O-O 18. b4 Bf4 19. Bxf4 Qxf4 20.
Qe3 Qxe3+ 21. fxe3 Kd7 22. Ne5+ Ke7 23. g4 Rh7 24. O-O-O Rdh8 25. Rdf1 g5
26. Rf3 Rh4 27. Rg3 Ne4 28. Rf3 Nf6 29. Kd2 Rf8 30. a4 Nd7 31. Nxd7 Kxd7
32. e4 Ke7 33. Kd3 Rfh8 34. b5 c5 35. Rg3 cxd4 36. Kxd4 Rd8+ 37. Kc3 e5 38.
Rd3 Rdh8 39. Rdd1 Rxh3+ 40. Rxh3 Rxh3+ 41. Kb4 Re3 42. Rd5 Rxe4 43. Rc5 Kd6
44. Rd5+ Kc7 45. Rc5+ Kd7 46. Rd5+ Ke6 47. Rc5 Rd4 48. a5 e4 49. Rxg5 e3
50. Rh5 e2 0-1